LEADER 01261nam0 22002891i 450 001 UON00088799 005 20231205102500.526 100 $a20020107d1987 |0itac50 ba 101 $ager 102 $aDE 105 $a|||| ||||| 200 1 $aAttische Schwarzfigurige Lekanai und Lekanides$fAsterios Lioutas 210 $aWürzburg$cKonrad Triltsch Verlag$d1987 215 $a202 p., 36 p. di tav.$d25 cm 410 1$1001UON00087177$12001 $aBeiträge zur Archäologie$fhrsg. von Roland Hampe...[et al.]$1210 $aWürzburg$cKonrad Triltsch Verlag.$v18 606 $aCERAMICHE$xCeramiche attiche$xCeramiche a figure nere$3UONC025827$2FI 606 $aCERAMICHE A FIGURE NERE$3UONC025828$2FI 620 $aDE$dWürzburg$3UONL000047 676 $a738.2$cPorcellana$v21 700 1$aLIOUTAS$bAsterios$3UONV055823$0662889 712 $aKonrad Triltsch Verlag$3UONV259473$4650 801 $aIT$bSOL$c20240220$gRICA 899 $aSIBA - SISTEMA BIBLIOTECARIO DI ATENEO$2UONSI 912 $aUON00088799 950 $aSIBA - SISTEMA BIBLIOTECARIO DI ATENEO$dSI K 268 03 $eSI MC 13965 7 996 $aAttische Schwarzfigurige Lekanai und Lekanides$91298571 997 $aUNIOR LEADER 01241nam0 22002651i 450 001 UON00061884 005 20231205102311.15 100 $a20020107d1967 |0itac50 ba 101 $aeng 102 $aHK 105 $a|||| 1|||| 200 1 $a15th century illustrated Chinese primer Hsien-Pien Tui-Hsiang Szu-Yen$fL. Carrington Goodrich 210 $aHong Kong$cHong Kong Universiry press$d1967 215 $a22 p.$d24 cm 606 $aLinguistica$xCina$3UONC007764$2FI 620 $aCN$dHong Kong$3UONL000075 686 $aCIN II C$cCINA - LINGUISTICA - STUDI SPECIFICI$2A 700 1$aGoodrich$bL. Carrington$3UONV007854$00 712 $aHong Kong University Press$3UONV249277$4650 801 $aIT$bSOL$c20260220$gRICA 912 $aUON00061884 950 $aSIBA - SISTEMA BIBLIOTECARIO DI ATENEO E ARCHIVIO STORICO$dSI CIN II C 106 $eSI SIN919 5 106 950 $aSIBA - SISTEMA BIBLIOTECARIO DI ATENEO E ARCHIVIO STORICO$dSI DOPPI CIN II C 106 $eSI SIN861 7 106 996 $a15th century illustrated Chinese primer Hsien-Pien Tui-Hsiang Szu-Yen$91173520 997 $aUNIOR